Atti del seminario di studio "Giovani e famiglia" (Record n. 206643)

Dettagli MARC
000 -LEADER
campo di controllo lung. fissa 00809npc a2200217Ia 4500
001 - Numero di controllo
campo di controllo dp5/10-2536 [d000002670]
003 - Identificatore del numero di controllo
campo di controllo IT-MiCISF
005 - Data e orario dell'ultima transazione
campo di controllo 20260128100624.0
008 - Elementi di lunghezza fissa--Informazione generale
campo di controllo lung. fissa 161014s9999||||xx | und||
040 ## - Fonte della catalogazione
Agenzia catalografica originale IT-MiCISF
Agenzia che fa la trascrizione IT-MiCISF
041 ## - Codice di lingua
Codice di lingua del testo/traccia sonora o titolo separato it
100 ## - Accesso principale -- nome di persona
Nome di persona Sigalini Domenico, Bonetti Renzo (a cura di)
9 (RLIN) 63236
245 #0 - Formulazione del titolo
Titolo Atti del seminario di studio "Giovani e famiglia"
Complemento del titolo Loreto, 12-14 aprile 1996
260 ## - Pubblicazione, distribuzione, ecc. (stampa)
Nome dell'editore, distributore, ecc. CEI-Ufficio nazionale per la pastorale della famiglia, Servizio nazionale per la pastorale giovanile
Data di pubblicazione, distribuzione, ecc. 1996
300 ## - Descrizione fisica
Estensione pp. 135
500 ## - Nota generale
Nota generale / pastorale-familiare, pastorale-giovanile, giovani, famiglia /
650 ## - Accesso aggiunto di soggetto--termine topico
Termine topico o nome geografico come accesso pastorale-familiare
700 ## - Accesso aggiunto--nome di persona
Nome di persona Prandini R., Solmi E., Giuliodori C., Bonetti R., Sigalini D.
9 (RLIN) 63237
942 ## - Dati aggiuntivi (Koha)
Tipo copia default (Koha) DOCUMENTI
Fonte della classificazione o dello schema di collocazione (segnatura) Dewey Decimal Classification
999 ## - Sys Number locale (Koha)
Koha Dewey Subclass [OBSOLETE] si
Dati di copia
Ritirato (status) Perso (status) Danneggiato (status) Non per il presito Biblioteca proprietaria Biblioteca in cui si trova Data d'acquisizione Totale prestiti Collocazione Data ultima operazione Prezzo in vigore dal Tipo copia default (Koha) Nota pubblica
    Buone Condizioni Not For Loan CISF - Milano CISF - Milano 14/10/2016   dp5/10-2536 [d000002670] 14/10/2016 14/10/2016 DOCUMENTI Data import 15.10.2016 / by Epidotti, Vaglietti
CREDITS: SOCIETA' SAN PAOLO Via A.Severo, 58 - ROMA (RM) & PERIODICI SAN PAOLO SRL Via Giotto, 36 MILANO & CISF Via Giotto, 36 MILANO & EDIZIONI SAN PAOLO SRL,  Piazza Soncino, 5 CINISELLO BALSAMO (MI) -- ITALY